000 00212nam a2200109Ia 4500
100 _a#N/A
942 _cBK
654 _aenglish
245 _aEnglish & communication skills
260 _b#N/A
546 _aENGLISH
999 _c25180
_d25180